| 000 | 00454nam a2200145Ia 4500 | ||
|---|---|---|---|
| 008 | 230917s9999||||xx |||||||||||||| ||und|| | ||
| 040 |
_e172348 _aMAIN |
||
| 041 | _aEnglish | ||
| 082 | _a891.431721 SM64B | ||
| 100 | _aमान बहादुर सिंह | ||
| 245 | 0 | _aबीडि़ बुझने के करीब | |
| 260 |
_aदिल्ली _bप्रकाशन सस्थान _c1978 |
||
| 300 | _a86 पृ. p. | ||
| 942 | _cHN | ||
| 999 |
_c184496 _d184496 |
||